| 000 | 00622nam a2200169Ia 4500 | ||
|---|---|---|---|
| 008 | 220216s9999 xx 000 0 und d | ||
| 100 | _aMondal G.C. | ||
| 245 | 0 | _aEffect of powdery mildew disease on yield of rubber in northern part of West Bengal | |
| 260 |
_bPlacrosym XV, 2002, Mysore, India. (Eds. K.Sreedharan, P.K. Vinod Kumar, Jayarama and Basavaraja M. Chaluki). Central Coffee Research Institute, Karnataka, India, pp. 531-534. _c2002 |
||
| 650 | _aCrop loss | ||
| 650 | _aPowdery mildew | ||
| 650 | _aRRII 105 | ||
| 650 | _aSulphur dusting | ||
| 650 | _aWest Bengal | ||
| 700 | _aJacob C.K. | ||
| 942 | _cBS | ||
| 999 |
_c52697 _d52697 |
||